Nové prístupy v politike regionálneho rozvoja Európskej únie

Európska únia z geografického a ekonomického hľadika. Štrukturálna politika EÚ. Kritériá pre jednotlivé ciele regionálneho rozvoja EÚ, ktoré uvádza Agenda 2000. Dôsledky rozšírenia EÚ o krajiny SVE na politiku regionálneho rozvoja.

Guardado en:
Detalles Bibliográficos
Autor principal: Ivaničková, Alžbeta
Otros Autores: Vlčková, Viera
Formato: Capítulo de libro
Lenguaje:eslovaco
Materias:
Etiquetas: Agregar Etiqueta
Sin Etiquetas, Sea el primero en etiquetar este registro!

MARC

LEADER 00000naa a2200000 4500
001 r035370
005 20230918075935.1
041 0 |a slo 
044 |a SK 
245 1 0 |a Nové prístupy v politike regionálneho rozvoja Európskej únie  |c Alžbeta Ivaničková, Viera Vlčková 
520 |a Európska únia z geografického a ekonomického hľadika. Štrukturálna politika EÚ. Kritériá pre jednotlivé ciele regionálneho rozvoja EÚ, ktoré uvádza Agenda 2000. Dôsledky rozšírenia EÚ o krajiny SVE na politiku regionálneho rozvoja. 
610 2 0 |a Európska únia 
610 2 0 |a politika štruktúrna 
610 2 0 |a rozvoj regionálny 
610 2 0 |a fondy štruktúrne 
610 2 0 |a pomoc finančná 
610 2 0 |a Agenda 2000 
100 1 |a Ivaničková, Alžbeta 
700 1 |a Vlčková, Viera